Statistiques concernant 🌍 Capitales d'Europe - Ordre alphabétique

Cliquez ici pour prendre le quiz!

Statistiques générales

  • Ce quiz a été pris 119 fois
    (95 depuis la dernière actualisation)
  • Le résultat moyen est 40 sur 45

Statistiques - réponses

PaysCapitale% Correct
🇩🇪 AllemagneBerlin
100%
🇲🇨 MonacoMonaco
100%
🇨🇵 FranceParis
100%
🇮🇹 ItalieRome
100%
🇬🇷 GrèceAthènes
98%
🇮🇪 IrlandeDublin
98%
🇺🇦 UkraineKyiv
98%
🇵🇹 PortugalLisbonne
98%
🇱🇺 LuxembourgLuxembourg
98%
🇪🇸 EspagneMadrid
98%
🇷🇺 RussieMoscou
98%
🇳🇴 NorvègeOslo
98%
🇳🇱 Pays-BasAmsterdam
96%
🇧🇪 BelgiqueBruxelles
96%
🇬🇧 Royaume-UniLondres
96%
🇨🇭 SuisseBerne
95%
🇻🇦 Cité du VaticanVatican
95%
🇦🇹 AutricheVienne
95%
🇭🇺 HongrieBudapest
93%
🇫🇮 FinlandeHelsinki
93%
🇦🇩 AndorreAndorre-la-Vieille
91%
🇷🇴 RoumanieBucarest
91%
🇩🇰 DanemarkCopenhague
91%
🇨🇿 République tchèquePrague
91%
🇸🇲 Saint-MarinSaint-Marin
91%
🇧🇬 BulgarieSofia
91%
🇸🇪 SuèdeStockholm
91%
🇭🇷 CroatieZagreb
91%
🇵🇱 PologneVarsovie
88%
🇲🇹 MalteLa Valette
86%
🇧🇾 BiélorussieMinsk
84%
🇮🇸 IslandeReykjavik
82%
🇱🇻 LettonieRiga
82%
🇦🇱 AlbanieTirana
82%
🇸🇮 SlovénieLjubljana
80%
🇧🇦 Bosnie-HerzégovineSarajevo
80%
🇪🇪 EstonieTallinn
80%
🇸🇰 SlovaquieBratislava
79%
🇷🇸 SerbieBelgrade
77%
🇲🇰 Macédoine du NordSkopje
77%
🇱🇮 LiechtensteinVaduz
77%
🇲🇩 MoldavieChișinău
75%
🇱🇹 LituanieVilnius
75%
🇲🇪 MonténégroPodgorica
71%
🇽🇰 KosovoPristina
71%

Distribution des résultats

Percentile par nombre de réponses

% des personnes avec chaque résultat

Votre développement - résultats

Vous n’avez pas pris ce quiz depuis la dernière actualisation